LEADER 00846nam0-22003131i-450- 001 990000629360403321 005 20130516183643.0 035 $a000062936 035 $aFED01000062936 035 $a(Aleph)000062936FED01 035 $a000062936 100 $a20020821d1968----km-y0itay50------ba 101 0 $aeng 102 $aGB 105 $ay-------001yy 200 1 $a<>introduction to plasticity$fG.C. Spencer 210 $aLondon$cChapman & Hall$d1968 215 $aX, 118 p.$d22 cm 610 0 $aPlasticità 610 0 $aViscosità 610 0 $aMeccanica dei continui 700 1$aSpencer,$bGeoffrey Curzon$031819 801 0$aIT$bUNINA$gRICA$2UNIMARC 901 $aBK 912 $a990000629360403321 952 $a07 C-174 MU.$b5303$fDINSC 959 $aDINSC 996 $aIntroduction to plasticity$9315479 997 $aUNINA LEADER 01244cam0-22004211i-450- 001 990007258520403321 005 20140515122921.0 010 $a88-7989-139-1 035 $a000725852 035 $aFED01000725852 035 $a(Aleph)000725852FED01 035 $a000725852 100 $a20021021d1995----km-y0itay50------ba 101 0 $aita 102 $aIT 105 $ay-------001yy 200 1 $a<>welfare italiano$eteorie, modelli e pratiche dei sistemi di solidarietà sociale$fEnzo Bartocci ... [et al.]$ga cura di Vittorio Cotesta$gintroduzione di Giuseppe Barbero 210 $aRoma$cDonzelli$d1995 215 $aXI, 274 p.$d21 cm 225 1 $a<>centauri 610 0 $aItalia$aPolitica sociale 676 $a361.650 945$v20$zita 702 1$aBarbero,$bGiuseppe 702 1$aBartocci,$bEnzo$f<1929- > 702 1$aCotesta,$bVittorio 801 0$aIT$bUNINA$gREICAT$2UNIMARC 901 $aBK 912 $a990007258520403321 952 $aB-VII-51$b8995 dip.$fDDRC 952 $aXI DU AA.VV.41$fDFD 952 $aVI A 1299$b25452$fFSPBC 952 $aX A 15$b1047$fDDCIC 959 $aDDRC 959 $aDFD 959 $aFSPBC 959 $aDDCIC 996 $aWelfare italiano$9686290 997 $aUNINA LEADER 03869nam 22006252 450 001 9910452504603321 005 20151005020622.0 010 $a1-107-27278-5 010 $a1-139-89281-9 010 $a1-107-27210-6 010 $a1-139-83907-1 010 $a1-107-27868-6 010 $a1-107-27419-2 010 $a1-107-27543-1 010 $a1-107-27745-0 035 $a(CKB)2550000001108197 035 $a(EBL)1303745 035 $a(OCoLC)854975224 035 $a(SSID)ssj0000950857 035 $a(PQKBManifestationID)12486236 035 $a(PQKBTitleCode)TC0000950857 035 $a(PQKBWorkID)10881636 035 $a(PQKB)10434146 035 $a(UkCbUP)CR9781139839075 035 $a(MiAaPQ)EBC1303745 035 $a(Au-PeEL)EBL1303745 035 $a(CaPaEBR)ebr10740528 035 $a(CaONFJC)MIL508540 035 $a(EXLCZ)992550000001108197 100 $a20121023d2013|||| uy| 0 101 0 $aeng 135 $aur||||||||||| 181 $ctxt$2rdacontent 182 $cc$2rdamedia 183 $acr$2rdacarrier 200 00$aTheodosius II $erethinking the Roman empire in late antiquity /$fedited by Christopher Kelly$b[electronic resource] 210 1$aCambridge :$cCambridge University Press,$d2013. 215 $a1 online resource (xv, 324 pages) $cdigital, PDF file(s) 225 1 $aCambridge classical studies 300 $aTitle from publisher's bibliographic system (viewed on 05 Oct 2015). 311 $a1-107-03858-8 311 $a1-299-77289-7 320 $aIncludes bibliographical references and index. 327 $gPart I.$tIntroduction:$g1.$tRethinking Theodosius /$rChristopher Kelly --$gPart II.$tArcana Imperii:$g2.$tMen without women: Theodosius' consistory and the business of government /$rJill Harries;$g3.$tTheodosius and his generals /$rDoug Lee;$g4.$tTheodosius II and the politics of the first Council of Ephesus /$rThomas Graumann;$g5.$tOlympiodorus of Thebes and eastern triumphalism /$rPeter Van Nuffelen --$gPart III.$tPast and Present:$g6.$tMapping the world under Theodosius II /$rGiusto Traina;$g7.$t'The insanity of heretics must be restrained': heresiology and the Theodosian Code /$rRichard Flower;$g8.$tWriting in Greek: classicism and compilation, interaction and transformation /$rMary Whitby --$gPart IV.$tPius Princeps:$g9.$tStooping to conquer: the power of imperial humility /$rChristopher Kelly;$g10.$tThe imperial subject: Theodosius II and panegyric in Socrates' Church History /$rLuke Gardiner;$g11.$tTheodosius II and his legacy in anti-Chalcedonian communal memory /$rEdward Watts. 330 $aTheodosius II (AD 408-450) was the longest reigning Roman emperor. Ever since Edward Gibbon, he has been dismissed as mediocre and ineffectual. Yet Theodosius ruled an empire which retained its integrity while the West was broken up by barbarian invasions. This book explores Theodosius' challenges and successes. Ten essays by leading scholars of late antiquity provide important new insights into the court at Constantinople, the literary and cultural vitality of the reign, and the presentation of imperial piety and power. Much attention has been directed towards the changes promoted by Constantine at the beginning of the fourth century; much less to their crystallisation under Theodosius II. This volume explores the working out of new conceptions of the Roman Empire - its history, its rulers and its God. A substantial introduction offers a new framework for thinking afresh about the long transition from the classical world to Byzantium. 410 0$aCambridge classical studies. 607 $aRome$xHistory$yTheodosians, 379-455 676 $a949.5/013 702 $aKelly$b Christopher$f1964- 801 0$bUkCbUP 801 1$bUkCbUP 906 $aBOOK 912 $a9910452504603321 996 $aTheodosius II$9259376 997 $aUNINA